[Event "Belgrade-chT"]
[Site "Belgrade"]
[Date "2016.10.17"]
[Round "9.3"]
[White "Senic, Branko"]
[Black "Peovic, Milos"]
[Result "0-1"]
[WhiteElo "2103"]
[BlackElo "2167"]
[PlyCount "42"]
[EventDate "2016.10.08"]
[EventType "team-tourn"]
[EventRounds "13"]
[EventCountry "SRB"]
[SourceTitle "CBM 175 Extra"]
[Source "ChessBase"]
[SourceDate "2016.12.12"]
[SourceVersion "1"]
[SourceVersionDate "2016.12.12"]
[SourceQuality "1"]
[WhiteTeam "Mirijevo"]
[BlackTeam "Belgrade Sigurnost"]
[WhiteTeamCountry "SRB"]
[BlackTeamCountry "SRB"]

1. Nf3 Nf6 2. c4 g6 3. Nc3 Bg7 4. e4 0-0 5. d4 d6 6. Be2 e5 7. h3 Nc6 8. d5 Ne7 9. Be3 Nd7 10. g4 f5 11. gxf5 gxf5 12. Bg5 Nc5 13. Rg1 Nxe4 14. Nxe4 fxe4 15. Nh4 Kh8 16. Bg4 Bf6 17. Bxc8 Rxc8 18. Qh5 Qe8 19. Bxf6+ Rxf6 20. Qg5 Qf7 21. Rf1 Rg8 0-1

[Event "Belgrade City-chT"]
[Site "Belgrade"]
[Date "2013.11.11"]
[Round "7"]
[White "Senic, Branko"]
[Black "Becelic, Dejan"]
[Result "0-1"]
[WhiteElo "2136"]
[BlackElo "2112"]
[PlyCount "96"]
[EventDate "2013.10.26"]
[EventType "team-tourn"]
[EventRounds "11"]
[EventCountry "SRB"]
[SourceTitle "EXT 2015"]
[Source "ChessBase"]
[SourceDate "2014.11.20"]
[SourceVersion "1"]
[SourceVersionDate "2014.11.20"]
[SourceQuality "1"]

1. e4 c6 2. d4 d5 3. exd5 cxd5 4. c4 Nf6 5. Nc3 g6 6. cxd5 Nxd5 7. Bc4 Nb6 8. Bb5+ Bd7 9. Nf3 Bg7 10. 0-0 0-0 11. Re1 Bxb5 12. Nxb5 Nc6 13. Be3 Nd5 14. Nc3 Nxe3 15. fxe3 e6 16. Qb3 Na5 17. Qa4 a6 18. Rac1 b5 19. Qd1 Rc8 20. b3 Qb6 21. Ne4 Nb7 22. Qd2 f5 23. Nf2 h6 24. Rxc8 Rxc8 25. Rc1 Rc7 26. Nd3 Kh7 27. Rxc7 Qxc7 28. Qc1 Qxc1+ 29. Nxc1 a5 30. Nd3 Kg8 31. Kf2 Kf7 32. a4 bxa4 33. bxa4 Ke7 34. Ke2 g5 35. Nb2 Kd6 36. Kd3 Kd5 37. Nc4 Bf6 38. h3 h5 39. Nb6+ Kc6 40. Nc4 g4 41. hxg4 hxg4 42. Nfd2 Bd8 43. Ne5+ Kd5 44. Nb1 Nc5+ 45. Kc2 Nxa4 46. Nd2 Bc7 47. Ndc4 f4 48. Kb3 Bd8 0-1

[Event "Belgrade City-chT"]
[Site "Belgrade"]
[Date "2013.11.03"]
[Round "4"]
[White "Matovic, Sasa"]
[Black "Senic, Branko"]
[Result "1-0"]
[WhiteElo "2186"]
[BlackElo "2136"]
[PlyCount "101"]
[EventDate "2013.10.26"]
[EventType "team-tourn"]
[EventRounds "11"]
[EventCountry "SRB"]
[SourceTitle "EXT 2015"]
[Source "ChessBase"]
[SourceDate "2014.11.20"]
[SourceVersion "1"]
[SourceVersionDate "2014.11.20"]
[SourceQuality "1"]

1. e4 c5 2. Nc3 Nc6 3. g3 g6 4. Bg2 Bg7 5. d3 d6 6. Be3 e6 7. Qd2 Nge7 8. h4 h5 9. Nh3 Rb8 10. 0-0 b5 11. Nd1 Qa5 12. c3 Ba6 13. f4 Qc7 14. Ng5 0-0 15. Nf2 b4 16. Bh3 bxc3 17. bxc3 Bc8 18. Rac1 Qa5 19. Nf3 f5 20. d4 cxd4 21. Nxd4 Nxd4 22. Bxd4 Bxd4 23. Qxd4 Qc7 24. Rfd1 Rb6 25. c4 e5 26. fxe5 dxe5 27. Qd2 Qc5 28. Kh2 f4 29. gxf4 Bxh3 30. Nxh3 exf4 31. Rg1 Rd6 32. Qc3 Rd4 33. Rg5 Qd6 34. c5 Rd2+ 35. Kh1 Qd4 36. Qxd4 Rxd4 37. Re5 Rd7 38. Ng5 f3 39. Rf1 Rf4 40. Nxf3 Kg7 41. Kg2 Ng8 42. c6 Rc7 43. Nd4 Rxf1 44. Kxf1 Kf6 45. Rc5 Ne7 46. Ke2 a6 47. Ke3 Nc8 48. e5+ Kf7 49. Ke4 Ne7 50. Ra5 Nxc6 51. Rc5 1-0

[Event "Belgrade City-chT"]
[Site "Belgrade"]
[Date "2013.10.26"]
[Round "1"]
[White "Senic, Branko"]
[Black "Mladenovic, Aleksandar"]
[Result "0-1"]
[WhiteElo "2136"]
[BlackElo "1877"]
[PlyCount "24"]
[EventDate "2013.10.26"]
[EventType "team-tourn"]
[EventRounds "11"]
[EventCountry "SRB"]
[SourceTitle "EXT 2015"]
[Source "ChessBase"]
[SourceDate "2014.11.20"]
[SourceVersion "1"]
[SourceVersionDate "2014.11.20"]
[SourceQuality "1"]

1. e4 e5 2. Nf3 Nf6 3. Nc3 Bb4 4. Bc4 0-0 5. 0-0 c6 6. Bb3 Bxc3 7. bxc3 Nxe4 8. Nxe5 Qf6 9. Ng4 Qg6 10. Ba3 Re8 11. f3 d5 12. Ne3 Nxc3 0-1

[Event "Belgrade-chT"]
[Site "Belgrade"]
[Date "2012.10.12"]
[Round "11.4"]
[White "Senic, Branko"]
[Black "Mitic, Miroljub"]
[Result "1/2-1/2"]
[WhiteElo "2134"]
[BlackElo "2270"]
[PlyCount "23"]
[EventDate "2012.10.01"]
[EventType "team-tourn"]
[EventRounds "11"]
[EventCountry "SRB"]
[SourceTitle "CBM 150 Extra"]
[Source "ChessBase"]
[SourceDate "2012.10.19"]
[SourceVersion "1"]
[SourceVersionDate "2012.10.19"]
[SourceQuality "1"]
[WhiteTeam "Mladenovac"]
[BlackTeam "Obilic"]
[WhiteTeamCountry "SRB"]
[BlackTeamCountry "SRB"]

1. e4 e6 2. d4 d5 3. Nc3 Nf6 4. Bg5 Be7 5. e5 Nfd7 6. Bxe7 Qxe7 7. f4 a6 8. Nf3 c5 9. dxc5 Nxc5 10. Bd3 Nc6 11. 0-0 Nxd3 12. cxd3 1/2-1/2

[Event "Belgrade-chT"]
[Site "Belgrade"]
[Date "2012.10.11"]
[Round "10.2"]
[White "Cetkovic, Miodrag"]
[Black "Senic, Branko"]
[Result "1-0"]
[WhiteElo "2249"]
[BlackElo "2134"]
[PlyCount "65"]
[EventDate "2012.10.01"]
[EventType "team-tourn"]
[EventRounds "11"]
[EventCountry "SRB"]
[SourceTitle "CBM 150 Extra"]
[Source "ChessBase"]
[SourceDate "2012.10.19"]
[SourceVersion "1"]
[SourceVersionDate "2012.10.19"]
[SourceQuality "1"]
[WhiteTeam "Belgrade Radnicki"]
[BlackTeam "Mladenovac"]
[WhiteTeamCountry "SRB"]
[BlackTeamCountry "SRB"]

1. e4 e5 2. Nf3 Nc6 3. d4 exd4 4. c3 dxc3 5. Bc4 d5 6. exd5 Qe7+ 7. Be2 Ne5 8. 0-0 Nxf3+ 9. Bxf3 Kd8 10. Nxc3 Nf6 11. Re1 Qb4 12. Bg5 h6 13. a3 Qc4 14. Re4 Qa6 15. Ra4 Qb6 16. Be3 Bc5 17. Rb4 Bxe3 18. Rxb6 Bxb6 19. Na4 Bd7 20. Nxb6 axb6 21. d6 c6 22. Qb3 Ra6 23. Qxf7 Re8 24. Qxg7 Nd5 25. Qxh6 Ra5 26. h4 Kc8 27. Qg7 Nf4 28. Qf7 Rf5 29. Qb3 Rb5 30. Qa4 Nh3+ 31. gxh3 Ra5 32. Qb3 Rb5 33. Qa4 1-0

[Event "Belgrade tt Cup"]
[Site "Belgrade"]
[Date "2010.04.16"]
[Round "3.6"]
[White "Senic, Branko"]
[Black "Maksimovic, Marko"]
[Result "1/2-1/2"]
[WhiteElo "2153"]
[BlackElo "2217"]
[PlyCount "79"]
[EventDate "2010.04.14"]
[EventType "team-tourn"]
[EventRounds "5"]
[EventCountry "SRB"]
[SourceTitle "EXT 2012"]
[Source "ChessBase"]
[SourceDate "2011.11.24"]
[SourceVersion "1"]
[SourceVersionDate "2011.11.24"]
[SourceQuality "1"]

1. e4 c5 2. Nf3 d6 3. d4 cxd4 4. Nxd4 Nf6 5. Nc3 Bd7 6. Bg5 e6 7. Qd2 a6 8. 0-0-0 h6 9. Bxf6 Qxf6 10. Kb1 Nc6 11. Nb3 0-0-0 12. Qe3 Be8 13. Qb6 Qe7 14. Be2 Qc7 15. Qe3 g6 16. Rd3 Bg7 17. f4 Nb4 18. Rd4 Nc6 19. Rd2 g5 20. g3 Na5 21. Nxa5 Qxa5 22. Rd3 Bc6 23. Rhd1 Qc5 24. Qxc5 dxc5 25. Rxd8+ Rxd8 26. Rxd8+ Kxd8 27. e5 f6 28. exf6 Bxf6 29. fxg5 hxg5 30. Kc1 Bd4 31. Kd2 Bg1 32. h4 Bf2 33. hxg5 Bxg3 34. g6 Ke7 35. Ke3 Be5 36. Ne4 Bd4+ 37. Kf4 Bxe4 38. Kxe4 Bxb2 39. a4 Kf6 40. Bc4 1/2-1/2

[Event "SRB-chT 1st League"]
[Site "Kragujevac"]
[Date "2009.09.08"]
[Round "7"]
[White "Sekulic, Dusan"]
[Black "Senic, Branko"]
[Result "1-0"]
[WhiteElo "2295"]
[BlackElo "2149"]
[PlyCount "85"]
[EventDate "2009.09.01"]
[EventType "team-tourn"]
[EventRounds "11"]
[EventCountry "YUG"]
[SourceTitle "CBM 132 Extra"]
[Source "ChessBase"]
[SourceDate "2009.11.03"]
[SourceVersion "1"]
[SourceVersionDate "2009.11.03"]
[SourceQuality "1"]

1. d4 Nf6 2. Nf3 e6 3. c4 d5 4. e3 Bb4+ 5. Nbd2 0-0 6. a3 Be7 7. Bd3 c5 8. dxc5 Bxc5 9. b4 Be7 10. Bb2 Nbd7 11. c5 Qc7 12. Rc1 e5 13. Be2 e4 14. Nd4 Ne5 15. h3 a6 16. N2b3 Bd7 17. 0-0 h6 18. f4 exf3 19. Nxf3 Nxf3+ 20. Bxf3 Ba4 21. Bxf6 Bxf6 22. Bxd5 Bg5 23. Rc3 Qe5 24. Qd4 Qe7 25. e4 Bf6 26. Rxf6 gxf6 27. Qd2 Kh7 28. Nd4 f5 29. Nxf5 Qf6 30. Bxb7 Rad8 31. Nd6 Rxd6 32. cxd6 Rd8 33. Rf3 Qxd6 34. Rxf7+ Kg6 35. Qxd6+ Rxd6 36. Rf3 Rb6 37. Bd5 a5 38. bxa5 Ra6 39. Rf5 Bd7 40. Bf7+ Kg7 41. Bc4 Rc6 42. Bd5 Rc5 43. Rf7+ 1-0

[Event "Belgrade-chT"]
[Site "Belgrade"]
[Date "2007.??.??"]
[Round "9"]
[White "Senic, Branko"]
[Black "Zmijanac, Dusko"]
[Result "0-1"]
[WhiteElo "2155"]
[BlackElo "2195"]
[PlyCount "70"]
[EventDate "2007.10.??"]
[EventType "team-tourn"]
[EventRounds "9"]
[EventCountry "YUG"]
[SourceTitle "EXT 2010"]
[Source "ChessBase"]
[SourceDate "2010.11.25"]
[SourceVersion "1"]
[SourceVersionDate "2010.11.25"]
[SourceQuality "1"]

1. e4 c5 2. Nf3 e6 3. d4 cxd4 4. Nxd4 Nc6 5. Nb5 d6 6. c4 Nf6 7. N1c3 a6 8. Nd4 Qc7 9. Be2 Ne5 10. g4 Be7 11. Bd2 0-0 12. g5 Nfd7 13. b3 Nc6 14. Nf3 f5 15. gxf6 Bxf6 16. Rc1 Nd4 17. Nxd4 Bxd4 18. 0-0 Qc5 19. Be1 Rf6 20. b4 Rg6+ 21. Kh1 Qg5 22. Bf3 Be5 23. Ne2 Rh6 24. Ng3 Qh4 25. Bh5 Bxg3 26. fxg3 Qxh5 27. Qxh5 Rxh5 28. Rd1 d5 29. exd5 exd5 30. cxd5 Nf6 31. d6 Bh3 32. Rf4 Rd8 33. Rfd4 Rf5 34. Bd2 g5 35. Bc3 Ng4 0-1